Poemas leidos en los talleres de la escuela de arquitectura
Saved in:
| Main Authors: | , , , , , , , , , , , , |
|---|---|
| Andre forfattere: | |
| Format: | Bog |
| Sprog: | spansk |
| Udgivet: |
Valparaíso
Universidad Católica de Valparaíso, Escuela de Arquitectura
1980
|
| Serier: | Cuadernillo de Poesía. Serie P, 13
|
| Fag: | |
| Tags: |
Tilføj Tag
Ingen Tags, Vær først til at tagge denne postø!
|
MARC
| LEADER | 00000nam a2200000 a 4500 | ||
|---|---|---|---|
| 001 | UCV7928 | ||
| 003 | CL-VaPUC | ||
| 008 | 900309e19800000CL |||||||||||||||||spa|d | ||
| 082 | 0 | 4 | |a 808.1 |b ALI |2 21 |
| 100 | |a Alighieri, Dante |e autor |9 396 | ||
| 700 | 0 | |a Apollinaire, Guillaume de |e author |9 266798 | |
| 700 | 0 | |a Dickinson, Emily |e author |9 302019 | |
| 700 | 0 | |a Rimbaud, Jean Nicolas Arthur |e author |9 269466 | |
| 700 | 0 | |a Bardou, Jean |e author |9 302020 | |
| 700 | 0 | |a Benn, Gottfried |e author |9 302021 | |
| 700 | 0 | |a Cedrars, Blaise |e author |9 302022 | |
| 700 | 0 | |a Guilhem IX |e author |9 302023 | |
| 700 | |a Herrera y Reissig, Julio |e author |9 576799 | ||
| 700 | |a Leopardi, Giacomo |e author |9 573733 | ||
| 700 | 0 | |a Reverdy, Pierre |e author |9 302026 | |
| 700 | |a Shakespeare, William |e author |9 265757 | ||
| 700 | 0 | |a Takl, Georg |e author |9 302027 | |
| 700 | |a Tzará, Tristán |e autor |9 302028 | ||
| 245 | 1 | 0 | |a Poemas leidos en los talleres de la escuela de arquitectura |
| 300 | |a 32 p | ||
| 942 | |c BK | ||
| 945 | |d 19900309 00:00:00 | ||
| 260 | |a Valparaíso |b Universidad Católica de Valparaíso, Escuela de Arquitectura |c 1980 | ||
| 650 | 0 | |a Poesías italianas |9 265352 | |
| 650 | 0 | |a Poesías francesas |9 265467 | |
| 650 | 0 | |a Poesías inglesas |9 265094 | |
| 583 | |a last modification |c 19900309 00:00:00 |k Rodrigo Vera | ||
| 490 | 0 | |a Cuadernillo de Poesía. Serie P, 13 | |
| 999 | |c 213529 |d 213527 | ||
| 952 | |0 0 |1 0 |4 0 |6 808_100000000000000_ALI_1980 |7 0 |8 A |9 195997 |a BIBARQ |b BIBARQ |d 2019-11-14 |i 2639602 |l 1 |o 808.1 ALI 1980 |p 2639602 |r 2025-01-20 |s 2022-11-17 |w 2019-11-14 |y BK |k ARQ | ||
| 952 | |0 0 |1 0 |4 0 |6 808_100000000000000_ALI_1980 |7 0 |8 A |9 195998 |a BIBARQ |b BIBARQ |d 2019-11-14 |i 3350479 |l 1 |m 1 |o 808.1 ALI 1980 |p 3350479 |r 2025-01-20 |s 2022-09-06 |w 2019-11-14 |y BK |k ARQ | ||